| 000 | 00456nam a2200181Ia 4500 | ||
|---|---|---|---|
| 003 | 0100 | ||
| 008 | 130303s9999 xx 000 0 und d | ||
| 040 | _cARRUPELIB | ||
| 050 | _aBR115.J8F34 | ||
| 245 | 4 | _aThe faith that does justice | |
| 245 | _bexamining the Christian sources for social change | ||
| 260 | _aNY | ||
| 260 | _bPaulist Pr. | ||
| 260 | _C1977 | ||
| 300 | _a295p | ||
| 700 | _aedited by John C. Haughey , Haughey, John C | ||
| 942 | 0 | 0 | _01 |
| 999 |
_c28064 _d28064 |
||